000
00330nam a22001457a 4500
008
230428b ||||| |||| 00| 0 eng d
020
_a
0409950823
041
_a
eng
080
_a
030
082
_a
030AMO
100
_a
44
101
_a
ENCIK
245
_a
DIAGNOSIS AND MANAGEMENT IN VISION CARE
_c
AMOS .F.J
942
_2
udc
_c
BK
999
_c
59639
_d
59639